[Event "RUS-ch blitz"]
[Site "Sochi"]
[Date "2017.10.02"]
[Round "18"]
[White "Fedoseev, Vladimir1"]
[Black "Andreikin, Dmitry"]
[Result "1-0"]
[WhiteElo "2731"]
[BlackElo "2708"]
[PlyCount "60"]
[EventDate "2017.10.02"]
[EventType "swiss (blitz)"]
[EventRounds "20"]
[EventCountry "RUS"]
[SourceTitle "EXT 2018"]
[Source "ChessBase"]
[SourceDate "2017.10.13"]
[SourceVersion "1"]
[SourceVersionDate "2017.10.13"]
[SourceQuality "1"]

1. Nf3 c5 2. b3 b6 3. g3 Bb7 4. Bg2 Nf6 5. Bb2 d5 ({RR} 5... e6 6. O-O Be7 7. d3 O-O 8. Nbd2 Nc6 9. e4 d5 10. Re1 Qc7 11. exd5 exd5 12. Ne5 Rfe8 13. Nxc6 Bxc6 14. Be5 Qb7 15. c4 Rad8 16. Qc2 Nd7 17. Bf4 Nf8 18. Nf1 Bf6 19. Rad1 Ne6 20. Be3 {Karthikeyan,M (2627)-Kramnik,V (2753) chess.com INT 2024 0-1 (56)}) ({RR} 5... e6 6. O-O Be7 7. d3 O-O 8. e4 d6 9. Nbd2 Nc6 10. e5 Nd5 11. exd6 Bxd6 12. Ne4 Be7 13. Re1 h6 14. a3 Rc8 15. d4 cxd4 16. Nxd4 Nf6 17. Nxc6 Bxc6 18. Nxf6+ Bxf6 19. Qxd8 Rfxd8 20. Bxf6 {Materia,M (2474)-Martinez Alcantara,J (2606) chess.com INT 2025 ½-½ (41)}) 6. Bxf6 $146 ({RR} 6. e3 g6 7. O-O Bg7 8. c4 e6 9. d4 dxc4 10. bxc4 O-O 11. Nbd2 Nbd7 12. Qc2 Qc7 13. Rfd1 cxd4 14. Nxd4 Bxg2 15. Kxg2 Rac8 16. Nb5 Qc6+ 17. f3 Qxb5 18. Rac1 Qc6 19. Nb3 Qa4 20. h4 Nc5 {Perondi,M (1503)-Da Silva Junior,M (1820) Curitiba 2016 0-1}) ({RR} 6. d3 e6 7. Nbd2 Nc6 8. O-O Bd6 9. c4 O-O 10. Rc1 d4 11. e3 dxe3 12. fxe3 Nb4 13. Bxf6 Qxf6 14. Ne1 Qe7 15. Bxb7 Qxb7 16. a3 Nc6 17. Qf3 Qc7 18. Nc2 Ne5 19. Qe2 Rad8 20. Ne4 Be7 {Liao,K (1525)-Schnegg,M (1747) Deutschlandsberg 2006 0-1 (67)}) 6... gxf6 7. d4 e5 8. e3 Nc6 9. dxc5 Bxc5 10. O-O Qd7 11. Nc3 O-O-O 12. a3 Kb8 13. Nh4 d4 14. Ne4 dxe3 15. Qxd7 exf2+ 16. Kh1 Rxd7 17. b4 Be7 18. Rxf2 Rhd8 19. Raf1 Rd1 20. h3 Rxf1+ 21. Rxf1 Nd4 22. c3 Ne2 23. Nf5 Bxe4 24. Bxe4 Nxc3 25. Bc6 Bf8 26. Rf3 Ne2 27. Kg2 Rd2 28. Rf2 Rc2 29. Be4 Ra2 30. Bd5 Rc2 1-0

[Event "RUS-ch blitz"]
[Site "Sochi"]
[Date "2017.10.02"]
[Round "19"]
[White "Demidov, Mikhail"]
[Black "Korotylev, Alexey"]
[Result "1-0"]
[WhiteElo "2521"]
[BlackElo "2573"]
[PlyCount "61"]
[EventDate "2017.10.02"]
[EventType "swiss (blitz)"]
[EventRounds "20"]
[EventCountry "RUS"]
[SourceTitle "EXT 2018"]
[Source "ChessBase"]
[SourceDate "2017.10.13"]
[SourceVersion "1"]
[SourceVersionDate "2017.10.13"]
[SourceQuality "1"]

1. Nf3 Nf6 2. g3 d5 3. Bg2 c6 4. O-O Bg4 5. b3 e6 6. Bb2 Be7 7. c4 ({RR} 7. d3 a5 8. a3 O-O 9. Nbd2 Nbd7 10. e4 Qb6 11. h3 Bh5 12. Qe2 Rfd8 13. g4 Bg6 14. Nh4 Nf8 15. Kh1 dxe4 16. Nxg6 Nxg6 17. Nxe4 Nd5 18. Bc1 Qc7 19. Qf3 Ndf4 20. Be3 Rf8 21. Ng3 Bd6 {Kuzubov,Y (2699)-Zhigalko,S (2641) Riadh 2017 0-1 (41)}) 7... O-O 8. d3 ({RR} 8. Ne5 Bh5 9. d4 Nfd7 10. Nd3 a5 11. Nf4 Bg6 12. Nc3 Na6 13. Nxg6 hxg6 14. e4 Nb6 15. exd5 exd5 16. cxd5 cxd5 17. Na4 Nxa4 18. bxa4 Qd7 19. Qb3 Rfd8 20. a3 Nc7 21. Rfc1 Ne6 22. Rc2 Bf6 {Bauza,A (2180)-Brizzi,M (2092) Montevideo URU 2024 0-1 (37)}) 8... a5 9. Nc3 $146 ({RR} 9. a3 Na6 10. Nbd2 Bh5 11. Rc1 Nd7 12. Rc2 f5 13. Nd4 Nc7 14. cxd5 exd5 15. Bh3 Bg6 16. Qc1 Bd6 17. N2f3 Bh5 18. Re1 f4 19. Nh4 Be5 20. Ndf3 Bxb2 21. Qxb2 fxg3 22. hxg3 Nf6 23. b4 axb4 {Vadasz,L (2465)-Haag,E (2430) Budapest 1976 ½-½ (40)}) ({RR} 9. a3 Re8 10. Nbd2 c5 11. Ne5 Bh5 12. h3 Nfd7 13. Nxd7 Qxd7 14. Nf3 Nc6 15. Ne5 Nxe5 {½-½ (15) Doda,Z (2405)-Pytel,K (2435) Krakow 1978}) 9... Nbd7 10. Qc2 Re8 11. Rad1 Qc7 12. Rfe1 Bh5 13. a3 e5 14. cxd5 cxd5 15. Rc1 Rac8 16. Qb1 Qb6 17. Nd2 d4 18. Nd5 Nxd5 19. Bxd5 Bg5 20. Rxc8 Rxc8 21. Nc4 Qa6 22. Bc1 Bxc1 23. Rxc1 Rc5 24. Nxe5 Rxd5 25. Nxd7 b5 26. Qc2 g5 27. Qc8+ Qxc8 28. Nf6+ Kg7 29. Nxh5+ Kg6 30. Rxc8 Kxh5 31. Ra8 1-0

[Event "RUS-chT rapid"]
[Site "Sochi"]
[Date "2017.10.03"]
[Round "4.1"]
[White "Fedoseev, Vladimir1"]
[Black "Motylev, Alexander"]
[Result "1-0"]
[WhiteElo "2733"]
[BlackElo "2675"]
[PlyCount "71"]
[EventDate "2017.10.03"]
[EventType "team-swiss (rapid)"]
[EventRounds "9"]
[EventCountry "RUS"]
[SourceTitle "EXT 2018"]
[Source "ChessBase"]
[SourceDate "2017.10.13"]
[SourceVersion "1"]
[SourceVersionDate "2017.10.13"]
[SourceQuality "1"]
[WhiteTeam "Samara Bukavshin"]
[BlackTeam "Legends of Moscow"]
[WhiteTeamCountry "RUS"]
[BlackTeamCountry "RUS"]

1. Nf3 d5 2. b3 Bg4 3. Bb2 Nd7 4. g3 Bxf3 5. exf3 Ngf6 6. f4 ({RR} 6. Bg2 g6 7. O-O Bg7 8. Re1 O-O 9. f4 e6 10. d3 c5 11. c4 Qc7 12. Qc2 d4 13. b4 Ne8 14. Nd2 cxb4 15. Nb3 Nc5 16. a3 Na6 17. Qd2 Nd6 18. axb4 Rfd8 19. Rec1 Nb8 20. Ba3 Nf5 {Sandberg,L (2099)-Grahn,V (2262) Norrkoping SWE 2025 ½-½ (60)}) 6... e6 7. Bg2 Bd6 8. O-O c6 $146 ({RR} 8... O-O 9. d3 a5 10. a4 c6 11. Nd2 b5 12. Qe2 Qc7 13. Nf3 bxa4 14. Rxa4 Nb6 15. Ra2 a4 16. Rfa1 axb3 17. Rxa8 Rxa8 18. Rxa8+ Nxa8 19. cxb3 Qc8 20. Qc2 Nb6 {½-½ (20) Flohr,S-Trifunovic,P Saltsjobaden 1948}) ({RR} 8... O-O 9. d3 c6 10. Nd2 a5 11. a3 Re8 12. c4 e5 13. fxe5 Bxe5 14. d4 Bc7 15. Qc2 Nf8 16. Nf3 Ne6 17. c5 Ne4 18. Rad1 N6g5 19. Ne5 f6 20. Nd3 Nf7 21. Rfe1 Qd7 22. f3 Neg5 23. Nf2 {Nakamura,H (2763)-Shimanov,A (2626) Chess.com INT 2018 1-0 (54)}) ({RR} 8... O-O 9. a4 a5 10. Ba3 Qe7 11. Bxd6 Qxd6 12. Nc3 c6 13. d4 Rfc8 14. Qd3 g6 15. Rfc1 Nh5 16. Bf3 Ng7 17. Rd1 f5 18. Ne2 Nf6 19. c4 Re8 20. c5 Qc7 21. Rdc1 Ra7 22. Nc3 Ne4 23. Bd1 {Meulders,R (2154)-Varley,P (2140) Krakow POL 2024 ½-½ (39)}) 9. d3 h5 10. h4 Qc7 11. Nd2 O-O-O 12. Nf3 e5 13. fxe5 Nxe5 14. Nxe5 Bxe5 15. d4 Bd6 16. c4 Qd7 17. Qd2 Ne4 18. Qa5 b6 19. Qa4 Kb8 20. c5 bxc5 21. Bxe4 dxe4 22. dxc5 Bxc5 23. Qxe4 Rhe8 24. Qc4 Qf5 25. Rac1 Rd5 26. b4 Re4 27. Qa6 Rxb4 28. Bxg7 Rd2 29. Rxc5 Qxc5 30. Bh6 Rxf2 31. Rxf2 Rb1+ 32. Kg2 Qd5+ 33. Rf3 Rb2+ 34. Kg1 Qxf3 35. Bf4+ Ka8 36. Qc8+ 1-0

[Event "RUS-chT rapid"]
[Site "Sochi"]
[Date "2017.10.04"]
[Round "6.3"]
[White "Demidov, Mikhail"]
[Black "Moiseenko, Vadim"]
[Result "1-0"]
[WhiteElo "2523"]
[BlackElo "2543"]
[PlyCount "81"]
[EventDate "2017.10.03"]
[EventType "team-swiss (rapid)"]
[EventRounds "9"]
[EventCountry "RUS"]
[SourceTitle "EXT 2018"]
[Source "ChessBase"]
[SourceDate "2017.10.13"]
[SourceVersion "1"]
[SourceVersionDate "2017.10.13"]
[SourceQuality "1"]
[WhiteTeam "Moscow Locomotive"]
[BlackTeam "Vologda Region"]
[WhiteTeamCountry "RUS"]
[BlackTeamCountry "RUS"]

1. Nf3 Nf6 2. g3 c5 3. Bg2 Nc6 4. O-O e5 5. d3 Be7 6. Bg5 ({RR} 6. Nbd2 O-O 7. e4 d6 8. Nh4 Re8 9. f4 exf4 10. gxf4 Nxe4 11. Nxe4 Bxh4 12. f5 d5 13. Nxc5 Bf6 14. c3 Nd4 15. cxd4 Bxd4+ 16. Kh1 Bxc5 17. f6 g6 18. d4 Bf8 19. Bf4 Qxf6 20. Be5 Qd8 {Maltsevskaya,A (2378)-Alonso Rosell,A (2562) chess.com INT 2024 1-0 (59)}) 6... h6 $146 ({RR} 6... O-O 7. c4 d6 8. Bxf6 Bxf6 9. Nc3 g6 10. a3 Bg7 11. Rb1 a5 12. Ne1 Rb8 13. Nc2 Bd7 14. b4 axb4 15. axb4 cxb4 16. Nxb4 Nxb4 17. Rxb4 Bc6 18. Qb3 Ra8 19. Rb1 Qd7 20. Nd5 Ra6 21. Rb6 {Turov,M (2645)-Sachdev,T (2411) Wijk aan Zee 2012 1-0 (68)}) 7. Bxf6 Bxf6 8. Nc3 d6 9. Nd2 Be6 10. Nd5 O-O 11. c4 Bg5 12. e3 Qd7 13. a3 Rae8 14. b4 Bd8 15. Qa4 a6 16. bxc5 dxc5 17. Rab1 Ba5 18. Ne4 b5 19. Ndf6+ gxf6 20. Nxf6+ Kg7 21. Nxd7 bxa4 22. Nxf8 Rxf8 23. Bxc6 Rd8 24. Rfd1 Bg4 25. f3 Bf5 26. e4 Bh3 27. Kf2 h5 28. Bxa4 Rd6 29. Rb7 Bc3 30. Ke2 Rf6 31. Rc1 Bd4 32. Bd7 Bxd7 33. Rxd7 Rb6 34. Rc2 Rb1 35. f4 Rh1 36. Kf3 Rd1 37. fxe5 Rxd3+ 38. Kg2 Kg6 39. Rf2 Rxa3 40. Rf6+ Kg5 41. h4+ 1-0

[Event "RUS-chT rapid"]
[Site "Sochi"]
[Date "2017.10.04"]
[Round "8.1"]
[White "Fedoseev, Vladimir1"]
[Black "Dubov, Daniil"]
[Result "1-0"]
[WhiteElo "2733"]
[BlackElo "2677"]
[PlyCount "185"]
[EventDate "2017.10.03"]
[EventType "team-swiss (rapid)"]
[EventRounds "9"]
[EventCountry "RUS"]
[SourceTitle "EXT 2018"]
[Source "ChessBase"]
[SourceDate "2017.10.13"]
[SourceVersion "1"]
[SourceVersionDate "2017.10.13"]
[SourceQuality "1"]
[WhiteTeam "Samara Bukavshin"]
[BlackTeam "Moscow Fighters for the Idea"]
[WhiteTeamCountry "RUS"]
[BlackTeamCountry "RUS"]

1. Nf3 c5 2. b3 d5 3. Bb2 Nc6 4. e3 a6 5. d4 Bg4 6. dxc5 e5 7. Be2 Bxf3 8. Bxf3 Nf6 9. c4 e4 10. cxd5 $146 ({RR} 10. Be2 Bxc5 11. cxd5 Nxd5 12. O-O O-O 13. Qc2 Qe7 14. Nc3 Nf6 15. a3 Rac8 16. b4 Ba7 17. Qb3 Rfd8 18. Rad1 Ne5 19. Nd5 Nxd5 20. Rxd5 Rxd5 21. Qxd5 Nc6 22. Qf5 Rd8 23. Rd1 Rxd1+ 24. Bxd1 g6 {Maksimovic,B (2458)-Savic,N (2073) Nis 2012 1-0 (70)}) ({RR} 10. Be2 Bxc5 11. cxd5 Bb4+ 12. Kf1 Nxd5 13. a3 Bc5 14. Nc3 Nxe3+ 15. fxe3 Qf6+ 16. Ke1 Bxe3 17. Rf1 Qh4+ 18. g3 Qxh2 19. Nxe4 O-O 20. Qd3 Bb6 21. Qf3 Qh6 22. Rd1 Rae8 23. Rd6 Re6 24. Rxe6 Qxe6 {Dizdarevic,E (2423)-Deshmukh,A (2201) Arandjelovac 2021 1-0 (44)}) 10... exf3 11. dxc6 fxg2 12. Qxd8+ Rxd8 13. Rg1 bxc6 14. Bd4 Ne4 15. b4 Ng5 16. Nd2 Ne6 17. Bc3 a5 18. a3 axb4 19. axb4 Nc7 20. Nf3 Nd5 21. Bd2 Be7 22. Rxg2 Bf6 23. Ra6 Kd7 24. Ra7+ Nc7 25. Ng5 Bxg5 26. Rxg5 g6 27. Rg4 Kc8 28. b5 Nxb5 29. Rxf7 Rd7 30. Rgf4 Re8 31. R4f6 Rxf7 32. Rxf7 Re5 33. Rxh7 Rxc5 34. Rg7 g5 35. Ke2 Kd8 36. Rg6 Kd7 37. f3 Re5 38. Kf2 Rd5 39. Bb4 Nc7 40. e4 Rb5 41. Rd6+ Kc8 42. Bd2 Kb7 43. Kg3 c5 44. Bxg5 c4 45. Bf4 c3 46. Rd1 Ne6 47. Be3 Rb3 48. Rc1 Kc6 49. f4 Nc5 50. Bxc5 Kxc5 51. f5 Kd4 52. Kf4 Rb2 53. h4 Re2 54. f6 Rf2+ 55. Kg5 c2 56. Kg6 Rg2+ 57. Kf5 Rf2+ 58. Ke6 Re2 59. f7 Rxe4+ 60. Kf6 Rf4+ 61. Kg6 Kd3 62. h5 Rf2 63. h6 Rg2+ 64. Kf6 Rf2+ 65. Ke6 Re2+ 66. Kd6 Rf2 67. h7 Kd2 68. Rxc2+ Kxc2 69. h8=Q Rxf7 70. Qh2+ Kd3 71. Qh3+ Kd4 72. Qg4+ Kc3 73. Qg3+ Kd2 74. Qg5+ Ke2 75. Qe5+ Kf1 76. Qa1+ Kg2 77. Qa8+ Rf3 78. Ke5 Kf2 79. Ke4 Re3+ 80. Kf4 Rh3 81. Qa2+ Kg1 82. Qe2 Rh2 83. Qd1+ Kf2 84. Qc2+ Kg1 85. Qc5+ Kg2 86. Kg4 Kf1 87. Qc1+ Kf2 88. Qd2+ Kg1 89. Qe1+ Kg2 90. Qe5 Kg1 91. Kg3 Rg2+ 92. Kh3 Rf2 93. Qc5 1-0

[Event "Titled Tuesday intern op 3rd Oct"]
[Site "Chess.com INT"]
[Date "2017.10.03"]
[Round "4"]
[White "Belous, Vladimir"]
[Black "Donchenko, Alexander"]
[Result "1-0"]
[WhiteElo "2564"]
[BlackElo "2559"]
[PlyCount "125"]
[EventDate "2017.10.03"]
[EventType "swiss (blitz)"]
[EventRounds "10"]
[EventCountry "USA"]
[SourceTitle "EXT 2021"]
[Source "ChessBase"]
[SourceDate "2020.10.23"]
[SourceVersion "1"]
[SourceVersionDate "2020.10.23"]
[SourceQuality "1"]

1. Nf3 Nf6 2. g3 b5 3. d3 Bb7 4. e4 c5 ({RR} 4... d6 5. Na3 a6 6. c4 c6 7. Bg2 Nbd7 8. O-O g6 9. Bd2 Bg7 10. Re1 O-O 11. b4 Ng4 12. d4 e5 13. h3 Ngf6 14. dxe5 dxe5 15. Qc2 Qe7 16. Bc3 a5 17. c5 axb4 18. Bxb4 Nb8 19. Rac1 {Zatonskih,A (2315)-Krush,I (2378) Saint Louis USA 2025 1-0 (32)}) 5. Bg2 d6 6. O-O g6 7. a4 $146 ({RR} 7. Re1 e5 8. d4 cxd4 9. Nxd4 a6 10. a4 bxa4 11. Rxa4 Nbd7 12. Nb3 Rc8 13. Nc3 h5 14. h3 Be7 15. Be3 Kf8 16. Na5 Ba8 17. Nd5 Kg7 18. b4 h4 19. g4 Nxd5 20. exd5 Nb6 21. Ra2 Nc4 {Svidler,P (2739)-Smirnov,A (2440) St Petersburg 2015 1-0 (45)}) 7... a6 8. e5 Nd5 9. Ng5 h6 10. e6 hxg5 11. exf7+ Kxf7 12. c4 Nd7 13. Bxg5 Bg7 14. Qd2 N7f6 15. Bxf6 Bxf6 16. cxd5 Rh5 17. Nc3 Qh8 18. h4 b4 19. Ne4 Bxb2 20. Rae1 Bf6 21. Qf4 Rf5 22. Qg4 Bxd5 23. Nxd6+ exd6 24. Bxd5+ Kg7 25. Be4 Qh5 26. Qxh5 Rxh5 27. Bxa8 b3 28. Rb1 b2 29. Rfd1 Rh8 30. Bd5 Rb8 31. Bc4 Rb4 32. Bxa6 d5 33. Bb5 c4 34. dxc4 dxc4 35. Rd7+ Kh6 36. Rd6 c3 37. Bd3 Kg7 38. a5 Be5 39. Rd5 Kf6 40. a6 Ra4 41. Rd7 Ke6 42. Rb7 Bd4 43. Bxg6 Rxa6 44. Bd3 Ra5 45. Kf1 Ra8 46. Ke2 Rf8 47. f4 Rg8 48. Kf3 Kd5 49. Rb5+ Kc6 50. Rb4 Kc5 51. Rc4+ Kd5 52. Rc7 Re8 53. Kg4 Re3 54. Bf5 Bb6 55. Rd7+ Kc6 56. Rbd1 Bc5 57. Rd8 Re2 58. Rc8+ Kb5 59. Rd5 c2 60. Rdxc5+ Kb6 61. Bxc2 Rxc2 62. Rxc2 b1=Q 63. Rb8+ 1-0

[Event "RUS-chT blitz"]
[Site "Sochi"]
[Date "2017.10.05"]
[Round "1"]
[White "Artemiev, Vladislav"]
[Black "Triapishko, Alexandr"]
[Result "1-0"]
[WhiteElo "2696"]
[BlackElo "2508"]
[PlyCount "123"]
[EventDate "2017.10.05"]
[EventType "team-swiss (blitz)"]
[EventRounds "15"]
[EventCountry "RUS"]
[SourceTitle "CBM 181 Extra"]
[Source "ChessBase"]
[SourceDate "2017.12.12"]
[SourceVersion "1"]
[SourceVersionDate "2017.12.12"]
[SourceQuality "1"]
[WhiteTeam "Tatarstan Rook"]
[BlackTeam "Crimea Republic"]
[WhiteTeamCountry "RUS"]
[BlackTeamCountry "RUS"]

1. Nf3 d5 2. c4 d4 3. g3 Nc6 4. Bg2 e5 5. O-O e4 6. Ne1 h5 7. d3 h4 8. Bxe4 Bh3 9. Ng2 Qd7 10. Nd2 $146 ({RR} 10. Bg5 Be7 11. Bxe7 Ngxe7 12. Nd2 f5 13. Bf3 g5 14. Re1 g4 15. Bxc6 Qxc6 16. Nf4 O-O-O 17. e4 dxe3 18. Rxe3 Ng6 19. Re6 Rd6 20. Rxd6 cxd6 21. Nxh3 gxh3 22. Qf3 hxg3 23. hxg3 Ne5 24. Qxf5+ Kb8 {Niemann,H (2465)-Ducarmon,Q (2486) Chess.com INT 2020 1-0 (40)}) ({RR} 10. Bf4 Nf6 11. Bf3 Bd6 12. Qc1 O-O-O 13. Na3 hxg3 14. fxg3 Ng4 15. Bxd6 cxd6 16. Bxg4 Qxg4 17. Rf2 g5 18. c5 Rhe8 19. Nb5 dxc5 20. Qxc5 Kb8 21. Re1 Re5 22. Qc4 f5 23. e3 Bxg2 24. Rxg2 dxe3 {Malakhov,V (2706)-Tomashevsky,E (2745) Jurmala 2015 0-1 (36)}) ({RR} 10. Bg5 Be7 11. Bxe7 Ngxe7 12. Nd2 f5 13. Bf3 g5 14. Re1 g4 15. Bxc6 Qxc6 16. Nf4 O-O-O 17. e4 dxe3 18. Rxe3 Ng6 19. Re6 Rd6 20. Rxd6 cxd6 21. Nxh3 gxh3 22. Qf3 hxg3 23. hxg3 Ne5 24. Qxf5+ Kb8 {Niemann,H (2465)-Ducarmon,Q (2486) Chess.com INT 2020 1-0 (40)}) 10... Nf6 11. Bxc6 Qxc6 12. Nf3 Ng4 13. Qb3 hxg3 14. hxg3 Bxg2 15. Kxg2 Rh2+ 16. Kg1 Rh5 17. Bf4 O-O-O 18. Kg2 Rh2+ 19. Kg1 Rh5 20. c5 Be7 21. Kg2 Rh2+ 22. Kg1 Rh5 23. Kg2 Rh2+ 24. Kg1 Rh5 25. Qxf7 Rdh8 26. Nh4 Bxh4 27. gxh4 Rxh4 28. f3 Rh1+ 29. Kg2 Ne3+ 30. Bxe3 R8h2+ 31. Kg3 Rh3+ 32. Kf2 dxe3+ 33. Kxe3 Qxc5+ 34. d4 Qg5+ 35. Kd3 Qb5+ 36. Kc3 Qc6+ 37. Qc4 Qxc4+ 38. Kxc4 R1h2 39. Rae1 Rg2 40. Rg1 Rhh2 41. Rxg2 Rxg2 42. Kd3 Kd7 43. Rh1 Kd6 44. Rh8 a6 45. Rd8+ Ke7 46. Rb8 b6 47. b4 Rg5 48. Ra8 a5 49. bxa5 bxa5 50. Ra7 Kd7 51. a4 Kd6 52. Ra6+ Kd7 53. e4 Rg3 54. Ke3 Rg1 55. Rxa5 g5 56. Ra8 Re1+ 57. Kf2 Rd1 58. d5 Kd6 59. a5 Ke5 60. a6 Ra1 61. a7 Kd4 62. e5 1-0

[Event "RUS-chT blitz"]
[Site "Sochi"]
[Date "2017.10.05"]
[Round "13"]
[White "Dubov, Daniil"]
[Black "Sarana, Alexey"]
[Result "1-0"]
[WhiteElo "2677"]
[BlackElo "2543"]
[PlyCount "73"]
[EventDate "2017.10.05"]
[EventType "team-swiss (blitz)"]
[EventRounds "15"]
[EventCountry "RUS"]
[SourceTitle "CBM 181 Extra"]
[Source "ChessBase"]
[SourceDate "2017.12.12"]
[SourceVersion "1"]
[SourceVersionDate "2017.12.12"]
[SourceQuality "1"]
[WhiteTeam "Moscow Fighters for the Idea"]
[BlackTeam "Moscow Locomotive"]
[WhiteTeamCountry "RUS"]
[BlackTeamCountry "RUS"]

1. Nf3 Nf6 2. g3 g6 3. b3 Bg7 4. Bb2 b6 5. Bg2 Bb7 6. O-O O-O 7. d4 d5 ({RR} 7... c5 8. e3 d5 9. Qe2 Nbd7 10. Nbd2 e6 11. c4 Qe7 12. Rfd1 Rfd8 13. Rac1 a5 14. dxc5 Nxc5 15. Bd4 Nfe4 16. Bxg7 Kxg7 17. Nxe4 dxe4 18. Ne1 f5 19. Rxd8 Rxd8 20. Rd1 e5 21. h4 h5 22. Bf1 {Caruana,F (2820)-Vachier Lagrave,M (2760) Paris 2021 ½-½ (56)}) ({RR} 7... c5 8. dxc5 bxc5 9. c4 d6 10. Qc2 Nbd7 11. Nc3 Qb6 12. Rab1 Rab8 13. e4 e6 14. Rfd1 Rfd8 15. Rd2 Ne8 16. Na4 Qc7 17. Bxg7 Kxg7 18. Rbd1 Bc6 19. Nc3 Ne5 20. Ne1 Ba8 21. Nb5 Qe7 22. Qc3 {Nakamura,H (2802)-Duda,J (2739) chess.com INT 2025 ½-½ (81)}) 8. Ne5 Nbd7 9. Nd2 c5 $146 ({RR} 9... Ne4 10. Nxe4 Nxe5 11. dxe5 dxe4 12. c4 c5 13. Qc2 e6 14. Rad1 Qc7 15. Bxe4 Rfd8 16. Bxb7 Qxb7 17. Rd2 Rxd2 18. Qxd2 Qe4 19. f3 Qf5 20. e4 Qh5 21. f4 Qh3 22. Rd1 h5 23. Qg2 Qg4 24. Rd2 {Jarocka,L (2006)-Maranhao,J (1923) Chess.com INT 2022 1-0 (53)}) ({RR} 9... e6 10. c4 Nxe5 11. dxe5 Nd7 12. f4 Qe7 13. Rc1 Rfd8 14. cxd5 Bxd5 15. Bxd5 exd5 16. Rxc7 Qe6 17. Rc1 Nc5 18. Ba3 Rac8 19. Bxc5 bxc5 20. Nf3 f6 21. exf6 Bxf6 22. Qd3 Kg7 23. e3 Re8 24. Rfe1 {Jarocka,L (2006)-Stanisz,P (2176) Chess.com INT 2022 1-0 (65)}) 10. dxc5 bxc5 11. c4 e6 12. Rc1 Rc8 13. Nxd7 Qxd7 14. cxd5 exd5 15. e3 Rfd8 16. Re1 a5 17. Ba3 c4 18. Bb2 a4 19. Bd4 axb3 20. axb3 cxb3 21. Nxb3 Rxc1 22. Qxc1 Qe7 23. Qb2 Nh5 24. Bxg7 Nxg7 25. Na5 Ba8 26. Rd1 Ne6 27. Qb6 Rd6 28. Qb4 Qd8 29. Nb3 Rb6 30. Qa3 Rd6 31. h4 h5 32. Nd4 Nxd4 33. Rxd4 Rd7 34. Qa4 Qc8 35. Bh3 Qc1+ 36. Rd1 Ra7 37. Qe8+ 1-0

[Event "EU-Cup 33rd"]
[Site "Antalya"]
[Date "2017.10.13"]
[Round "6.5"]
[White "Zvjaginsev, Vadim"]
[Black "Mikhalevski, Victor"]
[Result "1-0"]
[WhiteElo "2643"]
[BlackElo "2547"]
[PlyCount "89"]
[EventDate "2017.10.08"]
[EventType "team-swiss"]
[EventRounds "7"]
[EventCountry "TUR"]
[SourceTitle "CBM 181"]
[Source "ChessBase"]
[SourceDate "2017.11.10"]
[SourceVersion "1"]
[SourceVersionDate "2017.11.10"]
[SourceQuality "1"]
[WhiteTeam "Legacy Square Capital"]
[BlackTeam "Beer Sheva"]
[WhiteTeamCountry "RUS"]
[BlackTeamCountry "ISR"]

1. b3 d5 2. Bb2 Bg4 3. Nf3 Nd7 4. e3 e6 5. h3 Bh5 ({RR} 5... Bxf3 6. Qxf3 Ngf6 7. g4 h6 8. d3 Bd6 9. Nd2 c6 10. h4 Ne5 11. Bxe5 Bxe5 12. d4 Bd6 13. g5 Nd7 14. Rg1 hxg5 15. hxg5 g6 16. Bd3 e5 17. Qg4 Qe7 18. a4 exd4 19. e4 Bb4 20. Rd1 {Atoyan,A (2235)-Drozdowski,K (2450) chess.com INT 2025 0-1 (34)}) 6. Nc3 ({RR} 6. d3 h6 7. Nbd2 Ngf6 8. e4 dxe4 9. dxe4 Bb4 10. a3 Bxf3 11. gxf3 Bd6 12. Qe2 Be5 13. O-O-O Bxb2+ 14. Kxb2 Qe7 15. f4 O-O-O 16. Bg2 Nc5 17. Nc4 Kb8 18. e5 Nd5 19. Bxd5 exd5 20. Ne3 Ne6 {Anton Guijarro,D (2703)-Wojtaszek,R (2719) Biel 2020 ½-½ (33)}) 6... c6 7. d3 a5 8. a3 $146 ({RR} 8. g4 Bg6 9. Ne2 a4 10. Bg2 Ngf6 11. O-O a3 12. Bc3 Bd6 13. Rb1 e5 14. Ng3 h5 15. Nf5 Bxf5 16. gxf5 Qe7 17. Qe2 h4 18. Nh2 O-O-O 19. b4 Rdg8 20. b5 c5 21. Kh1 g6 22. fxg6 Rxg6 {Galliamova,A (2442)-Kashlinskaya,A (2488) Krasnaya Polyana 2021 ½-½ (67)}) ({RR} 8. g4 Bg6 9. Ne2 a4 10. Bg2 Ngf6 11. O-O a3 12. Bc3 Bd6 13. Rb1 e5 14. Ng3 h5 15. Nf5 Bxf5 16. gxf5 Qe7 17. Qe2 h4 18. Nh2 O-O-O 19. b4 Rdg8 20. b5 c5 21. Kh1 g6 22. fxg6 Rxg6 {Galliamova,A (2442)-Kashlinskaya,A (2488) Krasnaya Polyana 2021 ½-½ (67)}) 8... h6 9. d4 Bg6 10. Bd3 Bxd3 11. Qxd3 f5 12. g4 Qf6 13. gxf5 exf5 14. Ne5 Nxe5 15. dxe5 Qxe5 16. O-O-O O-O-O 17. Nb5 Qe4 18. Qc3 Nf6 19. Nd4 Qe7 20. Qxa5 Ne4 21. Nxf5 Qc7 22. Qxc7+ Kxc7 23. Rdf1 Rh7 24. f3 Nc5 25. Nh4 g5 26. Ng6 Bd6 27. h4 Rf7 28. hxg5 hxg5 29. Ne5 Re7 30. Ng4 Rf8 31. Kd1 b5 32. Rh3 Ref7 33. Ke2 Ne6 34. Rfh1 d4 35. Bxd4 Nxd4+ 36. exd4 Re7+ 37. Kd3 Bxa3 38. Ne5 Rd8 39. Rh7 Kb6 40. Rxe7 Bxe7 41. Rh6 Rd6 42. Rxd6 Bxd6 43. c4 Ba3 44. c5+ Kc7 45. Ke4 1-0

[Event "ARG-ch 92nd"]
[Site "Buenos Aires"]
[Date "2017.10.22"]
[Round "11"]
[White "Mareco, Sandro"]
[Black "Krysa, Leandro Sergio"]
[Result "1-0"]
[WhiteElo "2644"]
[BlackElo "2545"]
[PlyCount "149"]
[EventDate "2017.10.12"]
[EventType "tourn"]
[EventRounds "13"]
[EventCountry "ARG"]
[EventCategory "10"]
[SourceTitle "CBM 181 Extra"]
[Source "ChessBase"]
[SourceDate "2017.12.12"]
[SourceVersion "1"]
[SourceVersionDate "2017.12.12"]
[SourceQuality "1"]

1. b3 Nf6 2. Bb2 g6 3. e4 d6 4. g3 Bg7 5. Bg2 O-O 6. d4 e5 7. dxe5 dxe5 8. Nd2 Re8 9. Ngf3 Nbd7 10. O-O b6 $146 ({RR} 10... Qe7 11. Nc4 Nxe4 12. Re1 f5 13. Nfxe5 Nxe5 14. Bxe5 Bxe5 15. Bxe4 fxe4 16. Rxe4 Qc5 17. Qe1 Bf5 18. Rxe5 Rxe5 19. Qxe5 Qxe5 20. Nxe5 Rd8 21. c4 Rd2 22. g4 Be6 23. h3 h5 24. Nf3 Rb2 25. Ne5 {Sanal,V (2593)-Swiercz,D (2664) Chess.com INT 2022 1-0 (47)}) ({RR} 10... Qe7 11. Nc4 Nxe4 12. Re1 f5 13. Nfxe5 Nxe5 14. Bxe5 Bxe5 15. Bxe4 fxe4 16. Rxe4 Qc5 17. Qe1 Bf5 18. Rxe5 Rxe5 19. Qxe5 Qxe5 20. Nxe5 Rd8 21. c4 Rd2 22. g4 Be6 23. h3 h5 24. Nf3 Rb2 25. Ne5 {Sanal,V (2593)-Swiercz,D (2664) Chess.com INT 2022 1-0 (47)}) 11. Nc4 Bb7 12. Nfd2 Nc5 13. Re1 Nfd7 14. a4 a5 15. Nf1 Ne6 16. Nfe3 Ndc5 17. Bxe5 Bxe4 18. Nd5 Bxe5 19. Nxe5 Ng5 20. Ng4 Re6 21. h4 Bxg2 22. Kxg2 Nge4 23. Qd4 Qf8 24. Ngf6+ Nxf6 25. Nxf6+ Kh8 26. Ne8+ Kg8 27. Nxc7 Rxe1 28. Rxe1 Rd8 29. Qf6 Nd7 30. Qf3 Qd6 31. Nb5 Qf6 32. Rd1 Qxf3+ 33. Kxf3 Ne5+ 34. Ke2 Re8 35. f3 Kf8 36. Kf2 Rc8 37. c3 Ke7 38. Re1 Kf6 39. Re4 Nd3+ 40. Ke3 Nc5 41. Rf4+ Ke6 42. Rxf7 h5 43. Rc7 Re8 44. b4 axb4 45. cxb4 Kd5+ 46. Kd2 Nxa4 47. Rg7 Rf8 48. f4 Rf6 49. Rc7 Ke4 50. Ke2 Kd5 51. Kd3 Rf8 52. Rc2 Rd8 53. Ra2 Nc5+ 54. Ke3 Nb3 55. Rc2 Re8+ 56. Kd3 Re1 57. Nc3+ Kd6 58. Rb2 Na1 59. Rb1 Rxb1 60. Nxb1 Nb3 61. Kc4 Nc1 62. Nc3 Kc6 63. b5+ Kd6 64. Nd5 Ne2 65. Nxb6 Nxg3 66. Kb4 Ne2 67. Nc4+ Kc7 68. b6+ Kb8 69. Kb5 Nxf4 70. Na5 Nd5 71. Kc5 Nf4 72. Kc6 Ne6 73. Kb5 Nd4+ 74. Ka6 Kc8 75. b7+ 1-0